|
|
|
|
| LEADER |
00000nab#a22000007a#4500 |
| 001 |
arbauad005789 |
| 003 |
AR-BaUAD |
| 005 |
20250711110728.0 |
| 008 |
941007|||||||||###||||||b###|0###a|spa|| |
| 040 |
|
|
|a AR-BaUAD
|c AR-BaUAD
|b spa
|
| 245 |
1 |
0 |
|a Con arquitectura, tambien se puede
|b nuevo centro shopping, Córdoba
|
| 300 |
0 |
|
|b axonom., cortes, fot., plantas
|
| 653 |
|
|
|a ARQUITECTURA
|
| 653 |
|
|
|a ENTREVISTAS
|
| 653 |
|
|
|a CENTROS COMERCIALES
|
| 653 |
|
|
|a SHOPPING CENTERS
|
| 653 |
|
|
|a DETALLES CONSTRUCTIVOS
|
| 653 |
|
|
|a CUBIERTAS
|
| 653 |
|
|
|a ILUMINACION NATURAL
|
| 653 |
|
|
|a PARASOLES
|
| 653 |
|
|
|a CHAPA PERFORADA
|
| 653 |
|
|
|a ESTRUCTURAS METALICAS
|
| 653 |
|
|
|a VIDRIO
|
| 653 |
|
|
|a ILUMINACION
|
| 653 |
|
|
|a CORDOBA
|
| 653 |
|
|
|a GRAMATICA-GUERRERO-MORINI-PISANI-VIRTUBEY-PISANI
|
| 653 |
|
|
|a ARGENTINA
|
| 773 |
0 |
|
|t SUMMA
|g no. 280 [dic. 1990], p. 22-36
|
| 942 |
|
|
|c ARTI
|
| 952 |
|
|
|0 0
|1 0
|4 0
|7 0
|9 50709
|a AR-BAuAD
|b AR-BAuAD
|d 2025-07-11
|l 0
|p AAQA005789
|r 2025-07-11 11:07:28
|w 2025-07-11
|y ARTI
|
| 990 |
|
|
|a AQ199
|b TD
|
| 998 |
|
|
|a AAQ
|b BIBUN76
|
| 999 |
|
|
|c 30382
|d 30382
|